Cross vyvolávanie

Bibliographic Details
Main Author: Macák, Ján (Author)
Format: Article
Language:Slovak
PhysicalDescription:Fotogr.
ISSN:1335-0773
Subjects:

MARC

LEADER 00000nab a2200000 a 4500
001 vtls000682271
003 SK-MaSNL
005 20260304092212.0
008 250425c1998 xo 0 slo
015 |a SNBRB1998/12-33653 
035 |a CLN000034438 
035 |a urn:nbn:sk:snk-ab7c7f 
035 |a (uuid)2bdf5013-2c60-4b98-bb7e-399b67b1c504 
035 |a (urnnbn)urn:nbn:sk:snk:ar-a07inj 
035 |a (sysno)vtls000682271 
040 |a SNKBUCL  |b slo  |c SNKBUCL  |e AACR2 
041 0 |a slo 
044 |a xo  |c SK 
080 |a 77.063.023.4  |2 1997 
080 |a 771.531.3  |2 1997 
100 1 |a Macák, Ján  |4 aut  |9 7451 
245 1 0 |a Cross vyvolávanie  |c Ján Macák 
300 |b Fotogr. 
650 0 7 |a diapozitívy  |x vyvolávanie  |x cross proces  |2 snkbucl  |9 1385633 
650 0 7 |a fotografické filmy  |2 snkbucl  |9 3755 
655 7 |a články z novín a časopisov  |2 snkbucl  |9 267496 
773 0 |t Fototip  |g Roč. 5, č. 11 (1998), s. 22  |x 1335-0773 
850 |a Slovenská národná knižnica 
852 |a Slovenská národná knižnica 
954 |a odborná, vedecká literatúra pôvodná (slovenská)  |2 lita 
958 |a article27 
958 |a NB 
958 |a OND 
958 |a EUIPO 
999 |c 2818331  |d 2820261